[Event "CRO-chT2 West"]
[Site "Croatia"]
[Date "2014.11.15"]
[Round "7.16"]
[White "Kukina, Mario"]
[Black "Batory, Lucija"]
[Result "1-0"]
[WhiteElo "2047"]
[BlackElo "1624"]
[PlyCount "77"]
[EventDate "2014.03.15"]
[EventType "team-tourn"]
[EventRounds "9"]
[EventCountry "CRO"]
[SourceTitle "EXT 2019"]
[Source "ChessBase"]
[SourceDate "2018.10.10"]
[SourceVersion "1"]
[SourceVersionDate "2018.10.10"]
[SourceQuality "1"]
[WhiteTeam "Karlobag"]
[BlackTeam "Rijeka Junior"]
[WhiteTeamCountry "CRO"]
[BlackTeamCountry "CRO"]

1. d4 d5 2. Nf3 Nf6 3. c4 e6 4. Nc3 c6 5. e3 Bd6 6. Be2 Nbd7 7. 0-0 0-0 8. Qc2 dxc4 9. Bxc4 b6 10. Rd1 Qc7 11. e4 e5 12. Bg5 h6 13. Bh4 exd4 14. Rxd4 Ng4 15. Bg3 Bxg3 16. hxg3 Nde5 17. Be2 Bb7 18. Rad1 Nxf2 19. Nd5 Nxf3+ 20. Bxf3 Qxg3 21. Ne7+ Kh8 22. Qxf2 Qg5 23. Rd7 Ba6 24. Nxc6 Bb5 25. R7d5 Qf6 26. Rxb5 Qxc6 27. Rbd5 Rac8 28. e5 Qc4 29. b3 Qc3 30. Qd2 Qc7 31. Bg4 Rce8 32. Re1 Re7 33. Rc1 Qb8 34. Qb4 Rfe8 35. Qd6 Qb7 36. Bf5 g6 37. Rc7 Qb8 38. Qf6+ Kg8 39. Rdd7 1-0

[Event "CRO-chT2 West"]
[Site "Croatia"]
[Date "2014.03.16"]
[Round "3.16"]
[White "Kukina, Mario"]
[Black "Uran, Erik"]
[Result "1-0"]
[WhiteElo "2047"]
[BlackElo "1536"]
[PlyCount "61"]
[EventDate "2014.03.15"]
[EventType "team-tourn"]
[EventRounds "9"]
[EventCountry "CRO"]
[SourceTitle "EXT 2019"]
[Source "ChessBase"]
[SourceDate "2018.10.10"]
[SourceVersion "1"]
[SourceVersionDate "2018.10.10"]
[SourceQuality "1"]
[WhiteTeam "Karlobag"]
[BlackTeam "Rijeka CC II"]
[WhiteTeamCountry "CRO"]
[BlackTeamCountry "CRO"]

1. d4 Nf6 2. Nf3 d5 3. c4 e6 4. Nc3 Be7 5. Bg5 Nbd7 6. e3 0-0 7. Bd3 dxc4 8. Bxc4 Nb6 9. Be2 Nbd5 10. 0-0 Nxc3 11. bxc3 Nd5 12. Bxe7 Qxe7 13. Qb3 c5 14. c4 Nf6 15. Rfd1 Rd8 16. Ne5 b6 17. Nc6 Qc7 18. Nxd8 Qxd8 19. dxc5 Qc7 20. Bf3 Bb7 21. Bxb7 Qxb7 22. cxb6 axb6 23. c5 Rb8 24. cxb6 h6 25. a4 Qxb6 26. Qxb6 Rxb6 27. a5 Ra6 28. Rdb1 Nd5 29. e4 Nc3 30. Rb6 Ra8 31. a6 1-0

[Event "CRO-chT2 West"]
[Site "Croatia"]
[Date "2013.04.21"]
[Round "5.24"]
[White "Kukina, Mario"]
[Black "Tica, Sven"]
[Result "0-1"]
[WhiteElo "2047"]
[BlackElo "1957"]
[PlyCount "116"]
[EventDate "2013.03.16"]
[EventType "team-tourn"]
[EventRounds "9"]
[EventCountry "CRO"]
[SourceTitle "EXT 2019"]
[Source "ChessBase"]
[SourceDate "2018.10.10"]
[SourceVersion "1"]
[SourceVersionDate "2018.10.10"]
[SourceQuality "1"]
[WhiteTeam "Karlobag"]
[BlackTeam "Rijeka CC II"]
[WhiteTeamCountry "CRO"]
[BlackTeamCountry "CRO"]

1. d4 Nf6 2. Nf3 e6 3. c4 d5 4. Nc3 Be7 5. e3 0-0 6. Bd3 Nbd7 7. 0-0 b6 8. b3 Bb7 9. Bb2 c5 10. cxd5 exd5 11. Rc1 Ne4 12. Bb1 f5 13. dxc5 Ndxc5 14. Nd4 Qd7 15. a3 a5 16. Nxe4 fxe4 17. b4 Na4 18. Qb3 Nxb2 19. Qxb2 axb4 20. axb4 Ra4 21. b5 Bc5 22. Rfd1 Rfa8 23. h3 Ba3 24. Qb3 Rb4 25. Qc3 Rc4 26. Qd2 Bxc1 27. Rxc1 Qc8 28. Rd1 Ra1 29. Qb2 Raa4 30. Ba2 Rcb4 31. Qd2 Qc5 32. Qe2 Rxd4 33. exd4 Rxd4 34. Rb1 Ra4 35. Qd2 Ra3 36. h4 e3 37. fxe3 Qxe3+ 38. Qxe3 Rxe3 39. Rc1 Re7 40. Rd1 Rd7 41. Kf2 Kf7 42. Ke3 Ke6 43. Kd4 Kd6 44. Re1 Rf7 45. g3 Rf2 46. Bb1 h6 47. Re3 Rb2 48. Bd3 Rb4+ 49. Kc3 d4+ 50. Kxb4 dxe3 51. Be2 Ke5 52. Kc3 Be4 53. Bc4 g5 54. Bf7 gxh4 55. gxh4 Kf4 56. Bc4 Bf3 57. Kd3 e2 58. Kd2 Kg3 0-1

[Event "Gospic Licko-ch"]
[Site "Gospic"]
[Date "2013.02.24"]
[Round "2"]
[White "Kukina, Mario"]
[Black "Tomljanovic, Goran"]
[Result "1-0"]
[WhiteElo "2047"]
[BlackElo "2066"]
[PlyCount "63"]
[EventDate "2013.02.24"]
[EventType "tourn"]
[EventRounds "7"]
[EventCountry "CRO"]
[SourceTitle "CBM 153 Extra"]
[Source "ChessBase"]
[SourceDate "2013.04.22"]
[SourceVersion "1"]
[SourceVersionDate "2013.04.22"]
[SourceQuality "1"]

1. d4 g6 2. c4 Bg7 3. Nc3 Nf6 4. e4 d6 5. Nf3 0-0 6. Be2 Nc6 7. 0-0 e5 8. d5 Ne7 9. Bg5 h6 10. Bh4 Nh5 11. Bg3 Nf4 12. Bxf4 exf4 13. h4 Bg4 14. Qd2 Bxf3 15. Bxf3 Be5 16. Ne2 Nxd5 17. cxd5 Qxh4 18. Nc1 g5 19. Nd3 g4 20. Nxe5 dxe5 21. g3 Qh5 22. Bh1 f3 23. Rac1 f5 24. exf5 Rxf5 25. Rxc7 Qh3 26. Qd3 Raf8 27. Rfc1 Kh8 28. Rc8 Rh5 29. Rxf8+ Kg7 30. Rg8+ Kxg8 31. Qg6+ Kf8 32. Rc8+ 1-0

[Event "CRO-chT2 1B League qual"]
[Site "Opatija"]
[Date "2012.11.24"]
[Round "1.2"]
[White "Kukina, Mario"]
[Black "Trbojevic, Mladen"]
[Result "0-1"]
[WhiteElo "2056"]
[BlackElo "2329"]
[PlyCount "62"]
[EventDate "2012.11.24"]
[EventType "team-tourn"]
[EventRounds "3"]
[EventCountry "CRO"]
[SourceTitle "EXT 2014"]
[Source "ChessBase"]
[SourceDate "2013.11.20"]
[SourceVersion "1"]
[SourceVersionDate "2013.11.20"]
[SourceQuality "1"]
[WhiteTeam "Karlobag"]
[BlackTeam "Strigova Stridon"]
[WhiteTeamCountry "CRO"]
[BlackTeamCountry "CRO"]

1. d4 Nf6 2. Nf3 g6 3. g3 Bg7 4. Bg2 d5 5. 0-0 0-0 6. b3 Bf5 7. Bb2 c5 8. c3 cxd4 9. cxd4 Nc6 10. Nc3 Ne4 11. e3 Rc8 12. Nxe4 Bxe4 13. Qd2 Qb6 14. Rfc1 Rfd8 15. Ne1 Bxg2 16. Kxg2 e6 17. Nf3 Bf8 18. h4 h5 19. Qe2 Nb4 20. Bc3 a5 21. Qd2 Bd6 22. Rab1 Rc7 23. a3 Nc6 24. b4 axb4 25. axb4 Qb5 26. Qb2 Rdc8 27. Bd2 Ne7 28. Ne1 Qe2 29. b5 Nf5 30. Rxc7 Rxc7 31. Ba5 Nxe3+ 0-1

[Event "CRO-chT2 West"]
[Site "Rijeka"]
[Date "2012.03.18"]
[Round "2.14"]
[White "Kukina, Mario"]
[Black "Crnkovic, Zdravko"]
[Result "1-0"]
[WhiteElo "2069"]
[BlackElo "2071"]
[PlyCount "85"]
[EventDate "2012.03.17"]
[EventType "team-tourn"]
[EventRounds "9"]
[EventCountry "CRO"]
[SourceTitle "EXT 2013"]
[Source "ChessBase"]
[SourceDate "2012.11.22"]
[SourceVersion "1"]
[SourceVersionDate "2012.11.22"]
[SourceQuality "1"]

1. d4 Nf6 2. Nf3 d6 3. c4 e6 4. Nc3 d5 5. Bg5 Be7 6. e3 0-0 7. Bd3 dxc4 8. Bxc4 Nd5 9. Bxe7 Nxe7 10. 0-0 c6 11. Qe2 Nd7 12. Rfd1 Qc7 13. Rac1 Nd5 14. Nxd5 exd5 15. Bxd5 Nf6 16. Bb3 Bg4 17. h3 Bh5 18. d5 Rad8 19. dxc6 bxc6 20. Rxd8 Rxd8 21. Bd1 Bg6 22. Nd4 c5 23. b4 Qb6 24. bxc5 Qa5 25. Nc6 Qa3 26. Ne7+ Kh8 27. Nxg6+ hxg6 28. Qc2 Nd5 29. Bf3 Nxe3 30. fxe3 Qxe3+ 31. Kh1 Rd2 32. Qc3 Rd3 33. Qe1 Qf4 34. Rc3 Rd8 35. c6 Kh7 36. Re3 g5 37. Re7 g6 38. Rd7 Rc8 39. Qe4 Qf6 40. Qe7 Qa1+ 41. Kh2 Kh6 42. c7 a5 43. Rd8 1-0

[Event "Zadar op-B 18th"]
[Site "Zadar"]
[Date "2011.12.12"]
[Round "2"]
[White "Kukina, Mario"]
[Black "Fucak, Emilijo"]
[Result "1/2-1/2"]
[WhiteElo "2061"]
[BlackElo "2242"]
[PlyCount "62"]
[EventDate "2011.12.11"]
[EventType "swiss"]
[EventRounds "9"]
[EventCountry "CRO"]
[SourceTitle "CBM 145 Extra"]
[Source "ChessBase"]
[SourceDate "2012.01.03"]
[SourceVersion "1"]
[SourceVersionDate "2012.01.03"]
[SourceQuality "1"]

1. d4 Nf6 2. Nf3 e6 3. c4 b6 4. Nc3 Bb7 5. Bg5 h6 6. Bh4 Be7 7. e3 c5 8. Be2 0-0 9. 0-0 d6 10. Rc1 Ne4 11. Bxe7 Qxe7 12. Nxe4 Bxe4 13. Nd2 Bb7 14. Bf3 Nc6 15. Nb1 Rac8 16. Nc3 Rfd8 17. Bxc6 Bxc6 18. d5 exd5 19. Nxd5 Bxd5 20. Qxd5 Qe5 21. Qxe5 dxe5 22. Rfd1 f5 23. Kf1 Kf7 24. Ke2 Ke6 25. b3 e4 26. Rxd8 Rxd8 27. Rd1 Rxd1 28. Kxd1 g5 29. Kd2 Ke5 30. Ke2 h5 31. g3 g4 1/2-1/2

[Event "Zadar op-B 18th"]
[Site "Zadar"]
[Date "2011.12.12"]
[Round "3"]
[White "Medancic, Rikard"]
[Black "Kukina, Mario"]
[Result "1-0"]
[WhiteElo "2258"]
[BlackElo "2061"]
[PlyCount "31"]
[EventDate "2011.12.11"]
[EventType "swiss"]
[EventRounds "9"]
[EventCountry "CRO"]
[SourceTitle "CBM 145 Extra"]
[Source "ChessBase"]
[SourceDate "2012.01.03"]
[SourceVersion "1"]
[SourceVersionDate "2012.01.03"]
[SourceQuality "1"]

1. c4 Nf6 2. Nc3 g6 3. g3 Bg7 4. Bg2 0-0 5. e3 d6 6. Nge2 e5 7. 0-0 Nc6 8. b3 Bd7 9. Bb2 Qc8 10. Re1 Re8 11. a3 h6 12. Rc1 Nh7 13. Nd5 Bg4 14. f3 Be6 15. Nec3 Ne7 16. Nb5 1-0

[Event "Mediterranean op 5th"]
[Site "Rijeka"]
[Date "2011.11.17"]
[Round "7"]
[White "Kukina, Mario"]
[Black "Bradaric, Ratomir"]
[Result "1/2-1/2"]
[WhiteElo "2061"]
[BlackElo "2013"]
[PlyCount "36"]
[EventDate "2011.11.11"]
[EventType "swiss"]
[EventRounds "9"]
[EventCountry "CRO"]
[SourceTitle "EXT 2012"]
[Source "ChessBase"]
[SourceDate "2011.11.24"]
[SourceVersion "1"]
[SourceVersionDate "2011.11.24"]
[SourceQuality "1"]

1. d4 d5 2. c4 e6 3. Nc3 Nf6 4. Bg5 Be7 5. e3 Nc6 6. Nf3 Ne4 7. Nxe4 dxe4 8. Bxe7 Nxe7 9. Nd2 f5 10. Qh5+ Ng6 11. Be2 0-0 12. 0-0 Rf6 13. Qg5 Bd7 14. f3 exf3 15. Bxf3 Bc6 16. Bxc6 bxc6 17. Nb3 Qd6 18. Rae1 Raf8 1/2-1/2

[Event "Mediterranean op 5th"]
[Site "Rijeka"]
[Date "2011.11.13"]
[Round "2"]
[White "Kukina, Mario"]
[Black "Leskur, Dejan"]
[Result "1/2-1/2"]
[WhiteElo "2061"]
[BlackElo "2416"]
[PlyCount "46"]
[EventDate "2011.11.11"]
[EventType "swiss"]
[EventRounds "9"]
[EventCountry "CRO"]
[SourceTitle "EXT 2012"]
[Source "ChessBase"]
[SourceDate "2011.11.24"]
[SourceVersion "1"]
[SourceVersionDate "2011.11.24"]
[SourceQuality "1"]

1. d4 Nf6 2. Nf3 c5 3. e3 g6 4. c4 Bg7 5. Be2 0-0 6. 0-0 cxd4 7. Nxd4 Nc6 8. Nc3 d6 9. b3 Bd7 10. Bb2 a6 11. Bf3 Rb8 12. Nxc6 bxc6 13. Qd2 Qc7 14. Rfd1 Bg4 15. Qe2 Bxf3 16. Qxf3 Nd7 17. Rab1 Rfd8 18. Na4 Ne5 19. Qe2 c5 20. f4 Nd7 21. Bxg7 Kxg7 22. Nc3 Nb6 23. e4 e6 1/2-1/2

[Event "Zagreb op-B"]
[Site "Zagreb"]
[Date "2011.04.17"]
[Round "8"]
[White "Kukina, Mario"]
[Black "Tscharotschkin, Michael"]
[Result "0-1"]
[WhiteElo "2034"]
[BlackElo "2218"]
[PlyCount "58"]
[EventDate "2011.04.11"]
[EventType "swiss"]
[EventRounds "9"]
[EventCountry "CRO"]
[SourceTitle "CBM 141 Extra"]
[Source "ChessBase"]
[SourceDate "2011.05.03"]
[SourceVersion "1"]
[SourceVersionDate "2011.05.03"]
[SourceQuality "1"]

1. d4 e6 2. Nf3 d5 3. c4 c5 4. dxc5 Bxc5 5. e3 Nf6 6. Be2 0-0 7. 0-0 b6 8. Nc3 Bb7 9. a3 a5 10. cxd5 Nxd5 11. Nxd5 Bxd5 12. Qc2 f5 13. Bd2 Nd7 14. Bc4 Nf6 15. Bxd5 Nxd5 16. Rfe1 Rc8 17. Qb3 Kh8 18. e4 Nf6 19. Bg5 fxe4 20. Bxf6 Qxf6 21. Rxe4 e5 22. Rxe5 Bxf2+ 23. Kh1 Bd4 24. Re6 Qf7 25. h3 Bxb2 26. Ng5 Qf2 27. Rd1 Rc1 28. Rxc1 Bxc1 29. Re5 Qf1+ 0-1

[Event "Kraljevica ZNG111 op 12th"]
[Site "Kraljevica"]
[Date "2011.02.12"]
[Round "5"]
[White "Plenca, Jadranko"]
[Black "Kukina, Mario"]
[Result "0-1"]
[WhiteElo "1842"]
[BlackElo "2043"]
[PlyCount "108"]
[EventDate "2011.02.07"]
[EventType "swiss"]
[EventRounds "7"]
[EventCountry "CRO"]
[SourceTitle "EXT 2019"]
[Source "ChessBase"]
[SourceDate "2018.10.10"]
[SourceVersion "1"]
[SourceVersionDate "2018.10.10"]
[SourceQuality "1"]

1. e4 c5 2. Nf3 Nc6 3. c3 d5 4. exd5 Qxd5 5. d4 Bg4 6. Be2 e6 7. 0-0 cxd4 8. cxd4 Nf6 9. Nc3 Qd8 10. Qb3 Qb6 11. Qxb6 axb6 12. Bf4 Bb4 13. a3 Bxc3 14. bxc3 Nd5 15. Bd2 0-0 16. Rfb1 Rfd8 17. c4 Nf6 18. Be3 Bxf3 19. Bxf3 Nxd4 20. Bxb7 Rab8 21. Bxd4 Rxd4 22. Rxb6 Rxc4 23. a4 Rc7 24. Rab1 Nd5 25. R6b3 Nc3 26. Ba6 Rd8 27. Ra1 Kf8 28. h3 Ra8 29. Bb5 Rc5 30. Bd3 Rxa4 31. Rxa4 Nxa4 32. Rb8+ Ke7 33. Rb7+ Kf6 34. Bb5 Rc1+ 35. Kh2 Rb1 36. Ra7 Rxb5 37. Rxa4 g6 38. g3 h5 39. h4 Rb2 40. Kg2 e5 41. Ra6+ Kf5 42. Ra7 f6 43. Ra6 Rd2 44. Kg1 Rd7 45. Kf1 Rd2 46. Kg1 Rd5 47. Kf1 g5 48. hxg5 fxg5 49. Rh6 Kg4 50. Kg2 e4 51. Re6 Kf5 52. Rh6 Rd2 53. Rxh5 e3 54. Kf3 e2 0-1

[Event "Kraljevica ZNG111 op 12th"]
[Site "Kraljevica"]
[Date "2011.02.05"]
[Round "2"]
[White "Kukina, Mario"]
[Black "Krsnik Cohar, Ivan Vihor"]
[Result "0-1"]
[WhiteElo "2043"]
[BlackElo "1839"]
[PlyCount "68"]
[EventDate "2011.02.07"]
[EventType "swiss"]
[EventRounds "7"]
[EventCountry "CRO"]
[SourceTitle "EXT 2019"]
[Source "ChessBase"]
[SourceDate "2018.10.10"]
[SourceVersion "1"]
[SourceVersionDate "2018.10.10"]
[SourceQuality "1"]

1. d4 Nf6 2. Nf3 c5 3. e3 e6 4. c4 d5 5. cxd5 Nxd5 6. Be2 Nd7 7. 0-0 Be7 8. Nc3 Nxc3 9. bxc3 0-0 10. e4 b6 11. Bf4 Bb7 12. d5 exd5 13. exd5 Bf6 14. Rc1 Re8 15. c4 Ne5 16. Nxe5 Bxe5 17. Bxe5 Rxe5 18. Bd3 b5 19. f4 Re7 20. Qh5 g6 21. Qh6 Re3 22. Rcd1 bxc4 23. Bxc4 Rc3 24. Be2 Qe7 25. Bf3 Rd8 26. Rfe1 Re3 27. Kf2 Rxe1 28. Rxe1 Qf6 29. Re5 c4 30. Be4 c3 31. Kg3 Qb6 32. f5 Qf6 33. Kf4 Rf8 34. Qg5 Qxg5+ 0-1

[Event "Pula op 24th"]
[Site "Pula"]
[Date "2010.06.19"]
[Round "1"]
[White "Jovanic, Ognjen"]
[Black "Kukina, Mario"]
[Result "1-0"]
[WhiteElo "2530"]
[BlackElo "1999"]
[PlyCount "59"]
[EventDate "2010.06.19"]
[EventType "swiss"]
[EventRounds "9"]
[EventCountry "CRO"]
[SourceTitle "CBM 137 Extra"]
[Source "ChessBase"]
[SourceDate "2010.09.01"]
[SourceVersion "1"]
[SourceVersionDate "2010.09.01"]
[SourceQuality "1"]

1. d4 d5 2. Nf3 c6 3. c4 Nf6 4. Nc3 e6 5. Bg5 Nbd7 6. cxd5 exd5 7. e3 Bb4 8. Bd3 Qa5 9. Qc2 0-0 10. 0-0 Bxc3 11. bxc3 Re8 12. c4 Ne4 13. Bh4 Nf8 14. Ne5 f6 15. Nf3 Bg4 16. Rfc1 Kh8 17. Bg3 Nxg3 18. hxg3 dxc4 19. Qxc4 Qh5 20. Nh2 Be6 21. Qb4 Rab8 22. a4 Bd5 23. Rab1 f5 24. Rb2 Re6 25. Be2 Qg5 26. Nf3 Bxf3 27. Bxf3 h5 28. Rxc6 Rbe8 29. Rxe6 Nxe6 30. d5 1-0

[Event "Mediterranean op 3rd"]
[Site "Rijeka"]
[Date "2009.12.01"]
[Round "5"]
[White "Kukina, Mario"]
[Black "Pejic, Irving"]
[Result "0-1"]
[WhiteElo "1949"]
[BlackElo "2132"]
[PlyCount "176"]
[EventDate "2009.11.27"]
[EventType "swiss"]
[EventRounds "9"]
[EventCountry "CRO"]
[SourceTitle "CBM 133 Extra"]
[Source "ChessBase"]
[SourceDate "2010.01.05"]
[SourceVersion "1"]
[SourceVersionDate "2010.01.05"]
[SourceQuality "1"]

1. d4 d5 2. c4 c6 3. Nf3 Nf6 4. Nc3 e6 5. e3 Nbd7 6. Bd3 dxc4 7. Bxc4 b5 8. Bd3 b4 9. Ne4 Nxe4 10. Bxe4 Bb7 11. 0-0 Qb6 12. Qa4 Rc8 13. Bd3 Be7 14. Bd2 0-0 15. Rac1 Rfd8 16. Be2 a5 17. a3 c5 18. Bb5 Nf6 19. dxc5 Rxc5 20. Rxc5 Bxc5 21. Bc1 Ne4 22. Ne5 bxa3 23. Nc4 axb2 24. Bxb2 Qa7 25. Nxa5 Bd5 26. Nc6 Qxa4 27. Bxa4 Ra8 28. Ra1 Rxa4 29. Rxa4 Bxc6 30. Ra6 Bb7 31. Ra5 f5 32. Ba3 Bxa3 33. Rxa3 Bd5 34. Ra7 h6 35. Re7 Kh7 36. f3 Nf6 37. Kf2 Kg6 38. h3 Ng8 39. Re8 Kf7 40. Rc8 g5 41. g4 Nf6 42. Rc7+ Kg6 43. Ra7 h5 44. gxh5+ Nxh5 45. Ra4 Nf6 46. Rb4 Kh5 47. Rb8 Nd7 48. Rh8+ Kg6 49. h4 gxh4 50. Rxh4 Nc5 51. Rh8 Nd3+ 52. Kg3 Ne5 53. e4 fxe4 54. fxe4 Bxe4 55. Kf4 Nf7 56. Rg8+ Kh7 57. Rf8 Bg6 58. Rb8 Kg7 59. Rb7 Kf6 60. Rb6 Bf5 61. Ra6 Ne5 62. Ra8 Ng6+ 63. Ke3 e5 64. Ra5 Nf4 65. Ra8 Nd5+ 66. Ke2 e4 67. Rf8+ Ke5 68. Re8+ Be6 69. Ra8 Kf4 70. Rf8+ Bf5 71. Rd8 Bg4+ 72. Ke1 Nb4 73. Rb8 Nd3+ 74. Kd2 Bf5 75. Re8 Ne5 76. Ra8 e3+ 77. Ke1 Kf3 78. Ra2 Nd3+ 79. Kf1 Nc1 80. Rf2+ Ke4 81. Rc2 Bh3+ 82. Kg1 Nb3 83. Rb2 Nd4 84. Ra2 Nf3+ 85. Kh1 Kf4 86. Ra4+ Kg3 87. Rg4+ Kf2 88. Rg3 e2 0-1